[Event "SVK-chT1W 0910"]
[Site "Slovakia"]
[Date "2009.10.17"]
[Round "1.2"]
[White "Hudec, Jan"]
[Black "Pagerka, Martin"]
[Result "1-0"]
[WhiteElo "2092"]
[BlackElo "2097"]
[PlyCount "99"]
[EventDate "2009.10.17"]
[EventType "team"]
[EventRounds "11"]
[EventCountry "SVK"]
[SourceTitle "EXT 2011"]
[Source "ChessBase"]
[SourceDate "2010.11.26"]
[SourceVersion "1"]
[SourceVersionDate "2010.11.26"]
[SourceQuality "1"]
[WhiteTeam "Bratislava Slovan II"]
[BlackTeam "Galanta"]
[WhiteTeamCountry "SVK"]
[BlackTeamCountry "SVK"]

1. d4 Nf6 2. c4 e6 3. Nc3 Bb4 4. e3 0-0 5. Nf3 c5 6. Bd3 Nc6 7. d5 Ne7 8. e4 Bxc3+ 9. bxc3 d6 10. dxe6 fxe6 11. 0-0 e5 12. Nh4 Bg4 13. f3 Bh5 14. Nf5 Nxf5 15. exf5 Bf7 16. Rb1 Rb8 17. Bg5 b5 18. Rxb5 Rxb5 19. cxb5 c4 20. Bc2 Qb6+ 21. Kh1 d5 22. f4 e4 23. Qe1 Qxb5 24. Bxf6 gxf6 25. Qg3+ Kh8 26. Rb1 Qc6 27. Qe3 Qa6 28. Qd4 Re8 29. Re1 Rb8 30. h3 Qb6 31. Rb1 Qxb1+ 32. Bxb1 Rxb1+ 33. Kh2 Kg7 34. g4 Rb2+ 35. Kg3 Rxa2 36. g5 Ra6 37. h4 Rb6 38. Kg4 h5+ 39. Kg3 Bg8 40. Qc5 Rb7 41. Qc6 Rf7 42. Qxd5 e3 43. Qe6 a5 44. Qxc4 a4 45. Qxa4 Re7 46. Qd4 Kf8 47. Qd8+ Re8 48. Qd6+ Kg7 49. Qxf6+ Kh7 50. Qh6# 1-0

[Event "SVK-ch Seniors-A"]
[Site "Tatranske Matliare"]
[Date "2009.??.??"]
[Round "8"]
[White "Hudec, Jan"]
[Black "Demko, Ladislav"]
[Result "1-0"]
[WhiteElo "2055"]
[BlackElo "1798"]
[PlyCount "77"]
[EventDate "2009.05.31"]
[EventType "swiss"]
[EventRounds "9"]
[EventCountry "SVK"]
[SourceTitle "EXT 2023"]
[Source "ChessBase"]
[SourceDate "2022.10.05"]
[SourceVersion "1"]
[SourceVersionDate "2022.10.05"]
[SourceQuality "1"]

1. c4 Nf6 2. d4 e6 3. Nc3 d5 4. Bg5 Be7 5. e3 a6 6. Nf3 Nbd7 7. a3 0-0 8. Rc1 Nh5 9. Bxe7 Qxe7 10. cxd5 exd5 11. Nxd5 Qd6 12. Nxc7 Rb8 13. Bd3 Nhf6 14. 0-0 b5 15. e4 Ne8 16. e5 Qh6 17. Nd5 Bb7 18. Ne7+ Kh8 19. d5 Nb6 20. Nc6 Rc8 21. Be4 Bxc6 22. Rxc6 Rxc6 23. dxc6 Nc7 24. Qd6 Ne6 25. Rd1 g6 26. c7 Nc8 27. Qc6 Qg7 28. h3 h6 29. Rd7 Qg8 30. Qxa6 Nc5 31. Qf6+ Kh7 32. Rd4 Nxe4 33. Rxe4 Re8 34. Rd4 Qf8 35. Rh4 h5 36. Ng5+ Kg8 37. e6 Nd6 38. exf7+ Nxf7 39. Qxg6+ 1-0

[Event "SVK-ch Seniors-A"]
[Site "Tatranske Matliare"]
[Date "2009.??.??"]
[Round "6"]
[White "Hudec, Jan"]
[Black "Puobis, Jozef"]
[Result "1-0"]
[WhiteElo "2055"]
[BlackElo "2015"]
[PlyCount "65"]
[EventDate "2009.05.31"]
[EventType "swiss"]
[EventRounds "9"]
[EventCountry "SVK"]
[SourceTitle "EXT 2023"]
[Source "ChessBase"]
[SourceDate "2022.10.05"]
[SourceVersion "1"]
[SourceVersionDate "2022.10.05"]
[SourceQuality "1"]

1. d4 Nf6 2. c4 e6 3. Nc3 Bb4 4. e3 0-0 5. Nf3 d6 6. Bd3 Nbd7 7. Bd2 Bxc3 8. Bxc3 b6 9. e4 d5 10. e5 Ne4 11. cxd5 exd5 12. 0-0 Nxc3 13. bxc3 Re8 14. Qc2 Nf8 15. g3 Bh3 16. Rfe1 c5 17. Qd2 c4 18. Bc2 h6 19. Nh4 g5 20. Bf5 Bxf5 21. Nxf5 Re6 22. Qe2 Rg6 23. Qf3 Qd7 24. Qxd5 Qxf5 25. Qxa8 Qc2 26. Qf3 Ne6 27. Re2 Qa4 28. Rae1 Qa3 29. d5 Nd4 30. Qe4 Nxe2+ 31. Rxe2 Qa4 32. e6 Qe8 33. Qxc4 1-0